Biggest Cities Beginning With 'E' - Statistics

General Stats
  • This quiz has been taken 64 times
  • The average score is 11 of 68
Answer Stats
Population Country City % Correct
725,128 Canada Edmonton
98%
469,932 United Kingdom Edinburgh
91%
583,862 Germany Essen
91%
679,546 United States El Paso
69%
896,900 Iraq Erbil
65%
209,620 Netherlands Eindhoven
64%
256,760 Finland Espoo
64%
203,254 Germany Erfurt
35%
1,708,204 Mexico Ecatepec de Morelos
33%
126,470 Turkey Edirne
33%
117,298 United States Evansville
33%
722,664 Nigeria Enugu
29%
230,112 Spain Elche
27%
125,819 United Kingdom Exeter
27%
153,655 Netherlands Enschede
22%
114,809 United Kingdom Eastbourne
18%
101,786 United States Erie
18%
100,903 Albania Elbasan
16%
520,481 Turkey Eskişehir
16%
103,679 United States El Cajon
15%
108,188 United States Elgin
15%
163,460 United States Eugene
15%
107,588 United States Edison
13%
137,298 United States Elizabeth
11%
102,675 Germany Erlangen
11%
103,019 United States Everett
11%
126,496 United States East Los Angeles
9%
127,558 Poland Elbląg
9%
255,787 Kenya Eldoret
9%
166,913 United States Elk Grove
9%
429,912 Turkey Erzurum
9%
151,451 United States Escondido
9%
201,338 China Ezhou
9%
116,732 United States El Monte
7%
155,196 Russia Elektrostal'
5%
103,970 United Kingdom Enfield Town
5%
165,216 Ecuador Esmeraldas
5%
103,206 Brazil Esmeraldas
5%
114,396 Brazil Eunápolis
5%
200,010 Honduras El Progreso
4%
301,252 Turkey Elâzığ
2%
106,971 Russia Elista
2%
476,227 Sudan El Obeid
2%
186,525 Algeria El Oued
2%
196,011 Russia Engels
2%
288,756 Mexico Ensenada
2%
108,481 United States Enterprise
2%
106,633 Brazil Erechim
2%
172,834 India Erode
2%
114,027 Turkey Erzincan
2%
109,158 Guatemala Escuintla
2%
133,953 Japan Ebetsu
0%
203,149 Cameroon Edea
0%
116,700 Venezuela Ejido
0%
127,197 Kazakhstan Ekibastuz
0%
320,544 Sudan El Daein
0%
145,380 Algeria El Eulma
0%
225,497 Morocco El Jadida
0%
148,247 Venezuela El Limón
0%
150,999 Venezuela El Tigre
0%
118,889 South Africa Embalenhle
0%
221,733 Brazil Embu
0%
110,921 China Encheng
0%
320,107 China Ēnshī
0%
219,395 Colombia Envigado
0%
140,673 Zimbabwe Epworth
0%
128,761 Nicaragua Estelí
0%
279,717 India Etawah
0%
No matching quizzes found
Score Distribution
Percent of People with Each Score
Percentile by Number Answered
Your Score History
You have not taken this quiz